City home. Nová obytná architektúra v regióne Helsinky

Bibliographic Details
Format: Article
Language:Slovak
PhysicalDescription:Fotogr.
ISSN:1336-0264
Subjects:

MARC

LEADER 00000nab a2200000 a 4500
001 vtls009286278
003 SK-MaSNL
005 20260426090227.0
008 250507c2008 xo mr|p|||||||000 b|slo
015 |a SNBRB2008/04  |2 snkbucl 
035 |a urn:nbn:sk:snk-ab832n 
035 |a (urnnbn)urn:nbn:sk:snk:ar-00669v 
035 |a (uuid)3aa1ba85-7d9f-43ef-a7af-a55e7c6cff54 
038 |a SNKBUCL 
040 |a SNKBUCL  |b slo  |c SNKBUCL  |e AACR2 
041 0 |a slo 
044 |a xo  |c SK 
080 |a 72(480):061.4  |x (437.6)  |2 2001 
080 |a 728.1(480):061.4  |x (437.6)  |2 2001 
245 0 0 |a City home. Nová obytná architektúra v regióne Helsinky  |c sprac. PG 
300 |b Fotogr. 
611 2 7 |a City Home  |g výstava  |d (2008 :  |c Bratislava, Slovensko)  |2 snkbucl  |9 1495183 
650 0 7 |a fínska architektúra  |2 snkbucl  |9 70256 
651 7 |a Helsinki (Fínsko)  |2 snkbucl  |9 21447 
651 7 |a Bratislava (Slovensko)  |2 snkbucl  |9 14568 
773 0 |t Fórum architektúry  |g Roč. XVIII, č. 4 (2008), s. 10-11  |x 1336-0264 
850 |a Slovenská národná knižnica 
852 |a Slovenská národná knižnica 
954 |a odborná, vedecká literatúra pôvodná (slovenská)  |2 lita 
958 |a article9 
958 |a OND 
958 |a FI 
958 |a EUIPO 
999 |c 2983569  |d 2985499